| 000 | 01256nam a2200337Ia 4500 | ||
|---|---|---|---|
| 999 |
_c49356 _d49356 |
||
| 003 | GCL | ||
| 005 | 20240530104630.0 | ||
| 008 | 140319s1995 ua b 000 0 ara d | ||
| 020 | _a9775487269 | ||
| 040 |
_aGCL / _cGCL |
||
| 082 | 0 | 4 |
_a913.09/ _bم ج |
| 100 | 0 | _aمحمد مؤنس احمد عوض | |
| 245 | 1 | 2 |
_aالجغرافيون والرحالة المسلمون فى بلاد الشام فى عصر الحروب الصليبية / _cاعداد محمد مؤنس احمد عوض |
| 250 | _aط.1 | ||
| 260 |
_aالقاهرة : _bعين للدراسات والبحوث الانسانية والاجتماعية، _c1995. |
||
| 300 |
_a337 ص : _bالخرائط ؛ _c24سم. |
||
| 630 | 0 | _aالقزوينى | |
| 630 | 0 | _aالادريسى | |
| 630 | 0 | _aابن سعيد المغربى | |
| 630 | 0 | _aابوالفدا | |
| 630 | 0 | _aالسمعانى | |
| 630 | 0 | _aاسامة ابن منقذ | |
| 630 | 0 | _aالسائح الهروى | |
| 630 | 0 | _aابن جبير | |
| 650 | 0 | 7 |
_aالرحالة العرب _2qrmak |
| 650 | 0 | 7 |
_aالمستكشفون _2qrmak |
| 650 | 0 | 7 |
_aالجغرافيون العرب _2qrmak |
| 650 | 0 | 7 |
_aالكشوف الجغرافية _2qrmak |
| 651 |
_2qrmak _aالشام _xوصف ورحلات |
||
| 942 |
_2ddc _cBK |
||